Mill's Howlers and the Logic of Naturalism (Record no. 526773)

000 -CABECERA
Campo de control de longitud fija 00502nab a2200157Ia 4500
003 - IDENTIFICADOR DEL NÚMERO DE CONTROL
Campo de control ES-SlBCS
005 - FECHA Y HORA DE LA ÚLTIMA TRANSACCIÓN
Campo de control 20210601125225.0
008 - CÓDIGOS DE INFORMACIÓN DE LONGITUD FIJA
Campo de control de longitud fija 140529s1969 xxu||||| |||| 00| 0 eng d
041 ## - CÓDIGO DE LENGUA
Código de lengua del texto/banda sonora o título independiente eng
100 1# - PUNTO DE ACCESO PRINCIPAL-NOMBRE DE PERSONA
Nombre de persona Lang, Berel
9 (RLIN) 133001
245 00 - MENCIÓN DE TÍTULO
Título Mill's Howlers and the Logic of Naturalism
Mención de responsabilidad, etc. Berel Lang, Gary Stahl
600 1# - PUNTO DE ACCESO ADICIONAL DE MATERIA-NOMBRE DE PERSONA
Nombre personal Mill, John S.-Naturalismo
9 (RLIN) 155582
700 1# - PUNTO DE ACCESO ADICIONAL-NOMBRE DE PERSONA
Nombre de persona Stahl, Gary
9 (RLIN) 155583
773 0# - ENLACE AL DOCUMENTO FUENTE
Título Philosophy and Phenomenological Research
Parte(s) relacionada(s) vol. 29, 1969, págs. 562-574
Número de control del registro relacionado Rev1411
942 ## - ENTRADA DE ELEMENTOS AGREGADOS (KOHA)
Koha [por defecto] tipo de item Artículos de revista
Holdings
Suprimido Perdido Estropeado No para préstamo Localización permanente Localización actual Localización en estantería Fecha adquisición Préstamos totales Fecha última consulta Fecha del precio de reemplazo Tipo de item de Koha
        San Esteban San Esteban Depósito de revistas 11/07/2014   11/07/2014 11/07/2014 Artículos de revista

Bibliotecas Dominicos Provincia Hispania, 2016

Con tecnología Koha